000 00731nam a22002297a 4500
003 UA-OsUOA
001 90378
007 ta
008 20121116b un ||||| |||| 00| 0 ukr d
100 _aЛемещук Н.
090 _a821.161.2
_bЛ44
942 _cBK
040 _aUA-OsUOA
_brus
_cUA-OsUOA
_dUA-OsUOA
245 _aНе склонив головы
_bо деятельности антифашистского подполья в гитлеровских концлагерях
300 _a134 с.
955 _a3
041 _arus
080 _a821.161.2
260 _aК.
_bПолит. литература
_c1978
650 7 _a82 Література. Літературознавство
_2UDC
999 _c376372
_d376372